| 000 | 00459cam a22001694a 4500 | ||
|---|---|---|---|
| 020 | _a1559638095 | ||
| 040 | _cDLC | ||
| 082 | 0 | 0 | _a363 ISL 2000 A020 Or. |
| 100 | 1 | _aHayes, Denis, | |
| 245 | 1 | 4 | _aThe official Earth Day guide to planet repair / |
| 260 |
_aWashington, D.C. : _bIsland Press, _cc2000. |
||
| 300 |
_a182 p. : _bill. ; _c23 cm. |
||
| 500 | _a"A Lark production." | ||
| 650 | 0 | _aEnvironmental protection. | |
| 650 | 0 | _aEarth Day. | |
| 942 | _cEK | ||
| 999 |
_c12457 _d12457 |
||